000 00412nam a2200157 i 4500
001 26198
003 ES-MaACL
005 20230906153412.0
007 t|
008 030108s1951 sp ||||1| spa d
100 1 _aArosa, MarĂ­a Clara de.
_923163
245 1 0 _aSencilla historia de amor.
260 _aMadrid :
_b[s.n.,
_c1951] (
_fMarisal)
300 _a221 p. ;
_c17 cm.
852 _aES-MaACL
_jD-8155
_bR.31231
999 _c26198
_d26198